000
00333 a2200157 4500
001
176620
020
_a
040
_c
Magnum
100
_a
Haden, Charlyne
240
1
0
_a
How to climb a rope
_l
ING
245
1
0
_a
How to climb a rope
362
0
_a
1899
440
1
_a
FTD
697
_a
MAGNITO: LITERATURA ESTRANGEIR
942
_c
BK
999
_c
176620
_d
176620